000 00435nam a2200181Ia 4500
005 20250425160816.0
008 250425s9999 xx 000 0 und d
041 _aspa
082 _a671.73
100 _aKRAUSE, S.N.
245 0 _aANALISIS Y CONTROL DE BAÑOS Y RECUBRIMIENTOS EN GALVANOTECNIA
250 _a1A ED.
260 _aBARCELONA
260 _aEspaña
_bMONT
_c1962
300 _a303
942 _c01
010 _a5773
999 _c196550
_d196550